000 00267nam a2200121 4500
999 _c10778
_d10778
003 OSt
005 20220708170058.0
008 220708b ||||| |||| 00| 0 eng d
100 _aEdward Allen
245 _aStone shelter
260 _aLondon
_bMIT Press
942 _2ddc